|
|
|
|
| LEADER |
01206nam a2200241 a 4500 |
| 001 |
009017287-6 |
| 008 |
090513s1998 dcu 100 0 eng d |
| 082 |
0 |
4 |
|a 630.72
|2 21
|
| 111 |
1 |
|
|a International Centers Week
|d (1998 :
|c Washington, D.C.)
|
| 245 |
1 |
0 |
|a Shaping the CGIAR's future :
|b CGIAR 1998 International Centers Week (ICW98), Washington, D.C., October 26-30, 1998 : summary of proceedings and decisions.
|
| 246 |
1 |
8 |
|a CGIAR International Centers Week 1998
|
| 260 |
|
|
|a Washington, D.C.
|b CGIAR Secretariat,
|c [1998]
|
| 300 |
|
|
|a 112 p. ;
|c 28 cm.
|
| 541 |
1 |
|
|e 00006591
|
| 650 |
0 |
|
|a Agriculture
|x Research
|v Congresses.
|
| 650 |
0 |
|
|a Natural resources
|x Management
|v Congresses.
|
| 650 |
0 |
|
|a Sustainable development
|v Congresses.
|
| 610 |
2 |
0 |
|a Consultative Group on International Agricultural Research.
|
| 710 |
2 |
|
|a Consultative Group on International Agricultural Research.
|
| 730 |
0 |
|
|a Maurice F. Strong papers
|5 env
|
| 852 |
4 |
|
|a <add your library>
|j <shelf mark>
|
| 999 |
|
|
|c 675
|d 675
|
| 952 |
|
|
|0 0
|1 0
|2 ddc
|4 0
|6 630_720000000000000_CGI_1998
|7 0
|8 NFIC
|9 622
|a BRACUL
|b BRACUL
|c GEN
|d 2009-05-13
|g 0.00
|l 0
|o 630.72 CGI
|p 3010006591
|r 2009-05-13
|t 1
|w 2009-05-13
|y BK
|x No price found in the accession register.
|